[Event "EUCup Gr2"]
[Site "Strasbourg"]
[Date "1994.??.??"]
[Round "?"]
[White "Van Wely, Loek"]
[Black "Steinbacher, Matthias"]
[Result "1-0"]
[WhiteElo "2560"]
[BlackElo "2380"]

1.d4 e6 2.c4 Bb4+ 3.Bd2 Bxd2+ 4.Qxd2 Nf6 5.g3 O-O 6.Bg2 d5 7.Nf3 Nbd7 8.O-O Qe7
9.Rc1 c6 10.Qf4 Re8 11.Nbd2 e5 12.dxe5 Nxe5 13.Nxe5 Qxe5 14.Qxe5 Rxe5 15.cxd5 Rxe2
16.dxc6 Rxd2 17.cxb7 Bxb7 18.Bxb7 Rb8 19.b3 Ng4 20.Rc7 Nxf2 21.Bg2 Nd1 22.Bf3 Nf2
23.Rxa7 Nh3+ 24.Kh1 Nf2+ 25.Kg2 Re8 26.Rf1 Ng4+ 27.Kg1 Nxh2 28.Bc6 Nxf1 29.Bxe8 Nxg3
30.Bxf7+ Kf8 31.a4 Ne4 32.Bc4 Nd6 33.Bf1 Rb2 34.Rd7 Nf7 35.Rb7 Ne5 36.Bg2 Ra2
37.Rb5 Nd3 38.Bf1 Nc1 39.Bc4 Ne2+ 40.Bxe2 Rxe2 41.a5 Ra2 42.b4 Ke8 43.Rb6 Kd8
44.a6 Kc8 45.b5 Ra5 46.Rb7 g5 47.Rg7 Kb8 48.Rxg5 Ra1+ 49.Kf2 Ka7 50.Rg7+ Ka8
51.Ke3 Rb1 52.Rb7 Rb4 53.Kd3 h5 54.Kc3 Rg4 55.Rh7 Rg3+ 56.Kb4 Rg4+ 57.Ka5 Rg5
58.Rc7 Kb8 59.a7+  1-0

[Event "Vienna op"]
[Site "Vienna"]
[Date "1994.??.??"]
[Round "1"]
[White "Van Wely, Loek"]
[Black "Steinert, Martin"]
[Result "1-0"]
[WhiteElo "2560"]
[BlackElo "2130"]

1.d4 Nf6 2.c4 g6 3.Nc3 Bg7 4.Nf3 d5 5.Bf4 c5 6.dxc5 Qa5 7.cxd5 Ne4 8.Be5 Nxc3
9.Qd2 Bxe5 10.Nxe5 Qxc5 11.Rc1 O-O 12.Rxc3 Qa5 13.a3 Rd8 14.Nxf7 Rf8 15.e4 Nd7
16.Ng5 Ne5 17.Nxh7 Bd7 18.Nxf8 Rxf8 19.Qd4 Ng4 20.b4 Qd8 21.f3 Nf6 22.g4 e5
23.dxe6 Nxg4 24.exd7 Qh4+ 25.Ke2  1-0

[Event "Antwerp op"]
[Site "Antwerp"]
[Date "1995.??.??"]
[Round "1"]
[White "Bar, Roman"]
[Black "Van Wely, Loek"]
[Result "0-1"]
[WhiteElo "2245"]
[BlackElo "2585"]

1.e4 c5 2.Nf3 d6 3.d4 cxd4 4.Nxd4 Nf6 5.Nc3 e6 6.g4 Nc6 7.g5 Nd7 8.Be3 Be7
9.h4 O-O 10.Qd2 a6 11.O-O-O Nxd4 12.Bxd4 b5 13.f4 b4 14.Ne2 Qa5 15.Kb1 e5
16.Be3 Nc5 17.Bg2 Be6 18.Nc1 exf4 19.Bxf4 Rfd8 20.h5 Rac8 21.h6 Bf8 22.Nb3 Nxb3
23.cxb3 d5 24.Qe2 dxe4 25.Bxe4 Bf5 26.Rxd8 Rxd8 27.Qc2 Bg6 28.Re1 Re8 29.Re3 Rxe4
30.Rxe4 Qd5  0-1

[Event "Antwerp op"]
[Site "Antwerp"]
[Date "1995.??.??"]
[Round "4"]
[White "Van Wely, Loek"]
[Black "Gershon, Alik"]
[Result "1-0"]
[WhiteElo "2585"]
[BlackElo "2275"]

1.d4 f5 2.g3 Nf6 3.Bg2 g6 4.Nf3 Bg7 5.O-O O-O 6.b3 c5 7.Bb2 cxd4 8.Nxd4 d5
9.Nd2 e5 10.N4f3 e4 11.Nd4 Nc6 12.e3 Kh8 13.Nxc6 bxc6 14.c4 Ba6 15.Qc2 Ng4
16.Bxg7+ Kxg7 17.Qc3+ Qf6 18.Qa5 Bb7 19.cxd5 cxd5 20.Rac1 Rf7 21.Rc7 Rf8
22.Rfc1 f4 23.exf4 Nxf2 24.Kxf2 Qd4+ 25.Kf1 Kh6 26.Rxb7 Rxb7 27.Qc5 Qxc5
28.Rxc5 Rd7 29.Ke2 Re8 30.Rc1 g5 31.Rc6+ Kh5 32.fxg5 Kxg5 33.Bh3 Rde7 34.Rd6 Re5
35.Bd7 Rf8 36.h4+ Kh5 37.Ke3 Rf7 38.b4 Ree7 39.Rxd5+ Kg6 40.Bg4  1-0

[Event "Buenos Aires Najdorf"]
[Site "Buenos Aires"]
[Date "1995.??.??"]
[Round "1"]
[White "Panno, Oscar"]
[Black "Van Wely, Loek"]
[Result "1/2-1/2"]
[WhiteElo "2510"]
[BlackElo "2585"]

1.d4 Nf6 2.Nf3 g6 3.g3 Bg7 4.Bg2 O-O 5.O-O d6 6.a4 Na6 7.Nc3 d5 8.Bf4 Bf5
9.Be5 Nb4 10.Ne1 Nc6 11.Bxf6 Bxf6 12.e3 Nb4 13.e4 dxe4 14.Nxe4 Bg7 15.c3 Nd5
16.Nd3 c6 17.a5 Qc7 18.Re1 Rad8 19.Qb3 b6 20.axb6 axb6 21.Ra6 e6 22.Qa3 Rd7
23.Nb4 Rb8 24.Ra8 Nxb4 25.Rxb8+ Qxb8 26.Qxb4 Bxe4  1/2-1/2

[Event "Buenos Aires Najdorf"]
[Site "Buenos Aires"]
[Date "1995.??.??"]
[Round "5"]
[White "Van Wely, Loek"]
[Black "Szmetan, Jorge"]
[Result "1-0"]
[WhiteElo "2585"]
[BlackElo "2430"]

1.d4 Nf6 2.c4 c5 3.d5 b5 4.cxb5 a6 5.b6 Qxb6 6.Nc3 d6 7.a4 g6 8.a5 Qb4 9.Ra4 Qb7
10.e4 Bg7 11.Nf3 O-O 12.Nd2 Ne8 13.h4 Nc7 14.h5 Nb5 15.Qf3 Nd7 16.Qg3 Re8
17.hxg6 fxg6 18.Nc4 Nxc3 19.bxc3 Qb1 20.Qe3 Qc2 21.Ra3 Rb8 22.Be2 Rb3 23.Rxb3 Qxb3
24.Bd2 Qb1+ 25.Bd1 Nf6 26.f3 Qa2 27.Qe2 Bd7 28.Bc1 Qxe2+ 29.Bxe2 Bb5 30.Nb6 Bxe2
31.Kxe2 Rb8 32.g4 h5 33.g5 Ne8 34.Bd2 Nc7 35.f4 Kf7 36.e5 e6 37.c4 exd5 38.exd6 Ne6
39.cxd5 Nd4+ 40.Kd3 Bf8 41.d7 Rd8 42.Bc3 Bd6 43.Bxd4 cxd4 44.Rc1 Bb4 45.Rc6  1-0

[Event "Buenos Aires Najdorf"]
[Site "Buenos Aires"]
[Date "1995.??.??"]
[Round "6"]
[White "Hoffman, Alejandro"]
[Black "Van Wely, Loek"]
[Result "1/2-1/2"]
[WhiteElo "2495"]
[BlackElo "2585"]

1.d4 Nf6 2.c4 g6 3.Nf3 Bg7 4.g3 O-O 5.Bg2 d5 6.O-O c6 7.b3 Ne4 8.Bb2 Nd7
9.Qc2 Ndf6 10.Ne5 Bf5 11.Qc1 Nd7 12.f3 Nd6 13.Nd2 f6 14.Nxd7 Qxd7 15.e4 Bh3
16.Bxh3 Qxh3 17.Qe1 Qd7 18.Rd1 e6 19.Rf2 dxe4 20.Nxe4 Nxe4 21.fxe4 f5 22.d5 Bxb2
23.Rxb2 exd5 24.exd5 Rae8 25.Re2 Rxe2 26.Qxe2 Re8 27.Qd3 Qd6 28.Qd2 Rd8 29.Qe3 b6  1/2-1/2

[Event "Buenos Aires Najdorf"]
[Site "Buenos Aires"]
[Date "1995.??.??"]
[Round "8"]
[White "Ricardi, Pablo"]
[Black "Van Wely, Loek"]
[Result "0-1"]
[WhiteElo "2545"]
[BlackElo "2585"]

1.e4 c5 2.Nf3 e6 3.c3 Nf6 4.Bd3 d5 5.e5 Nfd7 6.Bc2 b6 7.O-O Ba6 8.Re1 Nc6
9.d4 Be7 10.a3 Rc8 11.Nbd2 Qc7 12.Bb1 g5 13.h3 h5 14.g4 Rg8 15.Nf1 hxg4 16.hxg4 cxd4
17.cxd4 Na5 18.Ng3 Qxc1 19.Qxc1 Rxc1 20.Rxc1 Nb3 21.Bh7 Rh8 22.Bc2 Nxa1 23.Rxa1 Nb8
24.Rc1 Kd8 25.Ba4 Bc4 26.Kg2 a5 27.Nh5 b5 28.Bd1 Nd7 29.Nd2 a4 30.Nf3 Kc7
31.Be2 Kb6 32.Ng3 Ka5 33.Nd2 Rh4 34.Bd1 f6 35.exf6 Bxf6 36.Nf3 Rxg4 37.Ne5 Nxe5
38.dxe5 Rxg3+ 39.fxg3 Bxe5 40.Rc2 b4 41.axb4+ Kxb4 42.Bg4 Kb3 43.Bd1 Bxb2
44.Rd2+ Ka3 45.Bxa4 Bc3 46.Rc2 d4 47.Be8 Kb3 48.Rc1 Kb2 49.Rg1 g4 50.Kf2 Bd2
51.Rh1 Be3+ 52.Ke1 d3 53.Kd1 Bb3+  0-1

[Event "BL2-W9495"]
[Site "Germany"]
[Date "1995.??.??"]
[Round "?"]
[White "Fritsche, Lutz"]
[Black "Van Wely, Loek"]
[Result "0-1"]
[WhiteElo "2365"]
[BlackElo "2560"]

1.e4 c5 2.Nc3 d6 3.d3 Nc6 4.Be3 g6 5.Qd2 Bg7 6.g3 Nf6 7.Bh6 Bxh6 8.Qxh6 Nd4
9.Qd2 h5 10.h3 e5 11.Bg2 Be6 12.Nd5 Nxd5 13.exd5 Bd7 14.c3 Nf5 15.Nf3 f6
16.O-O g5 17.Rfe1 g4 18.hxg4 hxg4 19.Nh2 Qe7 20.a4 O-O-O 21.Nf1 Rh5 22.Re4 Rdh8
23.Rae1 Qh7 24.f4 gxf3 25.Bxf3 Rh1+ 26.Kf2 Rxf1+ 27.Rxf1 Qh2+ 28.Ke1 Nxg3
29.Qxh2 Rxh2 30.Rg1 Nxe4 31.dxe4 Bxa4 32.Rg8+ Kc7 33.Rg7+ Kb6 34.Be2 Rh4
35.Bg4 Rh1+ 36.Kd2 Rh2+ 37.Ke3 Rg2 38.Kf3 Rxb2 39.Bc8 Ka6 40.Rf7 Bd1+ 41.Ke3 c4
42.Rxf6 Re2+ 43.Kf3 Rc2+ 44.Ke3 Rxc3+ 45.Kd2 Rd3+ 46.Kc1 Kb6 47.Rf7 Bb3  0-1

[Event "Haarlem op"]
[Site "Haarlem"]
[Date "1995.??.??"]
[Round "3"]
[White "Visser, Yge"]
[Black "Van Wely, Loek"]
[Result "0-1"]
[WhiteElo "2370"]
[BlackElo "2575"]

1.e4 c5 2.Nf3 e6 3.d3 d5 4.Nbd2 g6 5.g3 Bg7 6.Bg2 Nc6 7.O-O Nge7 8.Re1 b6
9.c3 h6 10.h4 a5 11.a4 Ba6 12.exd5 exd5 13.Nb3 O-O 14.d4 c4 15.Nbd2 b5 16.Nf1 b4
17.Bf4 f6 18.Bh3 Bc8 19.Bxc8 Rxc8 20.Re6 Qd7 21.Qe2 Rfe8 22.Rd6 Qh3 23.Re1 Kf7
24.Re6 Bf8 25.N1h2 Nd8 26.Ng4 Qxg4 27.Ng5+ hxg5 28.Qxg4 f5 29.Qe2 gxf4 30.Rd6 Rc6
31.Rxc6 Ndxc6 32.h5 Nd8 33.Kg2 Bg7 34.hxg6+ Kxg6 35.Rh1 Kf7 36.Re1 fxg3 37.fxg3 Kf8
38.Qh5 Nf7 39.Re6 Rb8 40.Qe2 Ng8 41.cxb4 axb4 42.Qf2 b3 43.a5 Ne7 44.Qf4 Rc8
45.a6 Nd8 46.Rxe7 Kxe7 47.Qxf5 Ne6 48.Qxd5 Bxd4 49.Kf3 Rc7 50.Qb5 Bxb2 51.Qb4+ Kf7
52.a7 Rxa7 53.Qxc4 Rc7 54.Qd5 Bf6 55.Ke4 b2 56.Qb3 Rc1  0-1

[Event "Haarlem op"]
[Site "Haarlem"]
[Date "1995.??.??"]
[Round "5"]
[White "Bezemer, Arno"]
[Black "Van Wely, Loek"]
[Result "0-1"]
[WhiteElo "2225"]
[BlackElo "2575"]

1.e4 c5 2.Nf3 e6 3.d4 cxd4 4.Nxd4 Nf6 5.Nc3 d6 6.g4 Nc6 7.g5 Nd7 8.Be3 Be7
9.Rg1 a6 10.Rg3 Qc7 11.Qe2 b5 12.O-O-O Nc5 13.Nxc6 Qxc6 14.Bg2 Rb8 15.e5 d5
16.Bf4 Bb7 17.a3 Ba8 18.Rd4 a5 19.b4 axb4 20.axb4 Nd7 21.Bf1 Qa6 22.Nb1 Qa7
23.Qd2 Bc6 24.Rc3 Rb6 25.Be3 Nxe5 26.Be2 Qb7 27.Rh4 Ng6 28.Bxb6 Nxh4 29.Bc5 Nf5
30.Bxe7 Nxe7 31.Qd4 O-O 32.Rh3 Ng6 33.Qg4 Rc8 34.Bd3 Qc7 35.Qh5 Nf4 36.Qxh7+ Kf8
37.Rf3 d4 38.Be4 Bxe4 39.Qxe4 d3 40.c3 Ne2+ 41.Kd1 Nxc3+ 42.Nxc3 Qxc3 43.Rxd3 Qc1+
44.Ke2 Rc2+ 45.Kf3 Qh1+  0-1

[Event "Horgen-B"]
[Site "Horgen"]
[Date "1995.??.??"]
[Round "4"]
[White "Masserey, Yvan"]
[Black "Van Wely, Loek"]
[Result "1/2-1/2"]
[WhiteElo "2350"]
[BlackElo "2585"]

1.e4 c5 2.Nf3 d6 3.d4 cxd4 4.Nxd4 Nf6 5.Nc3 a6 6.Bg5 e6 7.f4 Qb6 8.Nb3 Nbd7
9.Qf3 Qc7 10.O-O-O b5 11.a3 Bb7 12.Bd3 Be7 13.Rhe1 h6 14.Qh3 O-O-O 15.Bh4 g5
16.Bf2 gxf4 17.Bxb5 axb5 18.Nxb5 Qc4 19.Na7+ Kb8 20.Na5 Qa6 21.Qb3 Ne5 22.Rd4 Qxa5
23.Ra4 Qc7 24.Nb5 Qc6 25.Ba7+ Kc8 26.Bd4 Kd7 27.Na7 Qc7 28.Bxe5 Ke8 29.Nb5 Qd7
30.Nxd6+ Bxd6 31.Bxf6 Be7 32.Rd4 Bxf6 33.Rxd7 Rxd7 34.Rd1 Bc6 35.Qb8+ Bd8
36.Rxd7 Bxd7 37.h4 Rg8 38.Qxf4 Rxg2 39.Qxh6 Rg4 40.Qh8+ Ke7 41.h5 Bc6 42.e5 Be4
43.b4 Bf5 44.Qf6+ Ke8 45.Qh8+ Kd7 46.Qf8 Rc4 47.Qxf7+ Kc8 48.Kb2 Rxc2+ 49.Kb3 Re2
50.a4 Re3+ 51.Kb2 Rxe5 52.a5 Rd5 53.h6 Rd7 54.Qf8 Kb7 55.Kb3 Be4 56.Qc5 Bd5+
57.Ka4 Rf7 58.a6+ Kb8 59.Qb5+ Kc8 60.Qe8 Rc7 61.Qg8 Rc6 62.h7 Rxa6+ 63.Kb5 Rb6+
64.Kc5 Rc6+ 65.Kd4 Rc4+ 66.Kd3 Rh4 67.h8=Q Rxh8 68.Qxh8 Kd7 69.Qf8 Bb6 70.Qf7+ Kd6
71.Qf8+ Kd7 72.Qb8 Kc6 73.Kc3 Kb5 74.Qc8 Be3 75.Qd7+ Ka6 76.Kb2 Kb6 77.Qd8+ Ka6
78.Qa5+ Kb7 79.b5 Bd4+ 80.Kc2 Bb6 81.Qa6+ Kc7 82.Kd3 Bb7 83.Qa3 Bd5 84.Qe7+ Kc8
85.Qf7 Kd8 86.Qg7 Bc5 87.Kc3 Kc8 88.Qf7 Kd8 89.Kd3 Bb6 90.Qg7 Bc5 91.Qc3 Bb6
92.Qe5 Kd7 93.Qb8 Bc5 94.b6 Bd6 95.Qa7+ Kc8 96.Kd4 Bb7 97.Qa4 Kd8 98.Qb5 Ke7
99.Qh5 e5+ 100.Kc3 Kd7 101.Qg6 Kc6 102.Qe6 Ba6 103.Kb3 e4 104.Ka4 Bb7 105.Ka5 Kc5
106.Qf5+ Bd5 107.b7 e3 108.Qc8+ Kd4 109.b8=Q Bxb8 110.Qxb8 e2 111.Qb4+ Kd3
112.Qe1 Be4 113.Kb4 Bd5 114.Kc5 Bb3 115.Kb4 Bd5 116.Qc3+ Ke4 117.Kc5 Bb7
118.Kd6 Kf4 119.Qd3 e1=Q 120.Qc4+ Be4 121.Qf7+ Kg3 122.Qg7+ Kh2 123.Qh6+ Kg1
124.Qg5+ Bg2 125.Qc5+ Kf1 126.Qf5+ Kg1 127.Qc5+ Kh1 128.Qh5+  1/2-1/2

[Event "Horgen-B"]
[Site "Horgen"]
[Date "1995.??.??"]
[Round "6"]
[White "Hodgson, Julian M"]
[Black "Van Wely, Loek"]
[Result "1-0"]
[WhiteElo "2590"]
[BlackElo "2585"]

1.d4 d5 2.Bg5 c5 3.dxc5 f6 4.Bh4 e5 5.e4 dxe4 6.Qxd8+ Kxd8 7.Nc3 Bxc5 8.O-O-O+ Nd7
9.Nxe4 Be7 10.f4 exf4 11.Nf3 Kc7 12.Nc3 Nb6 13.a4 Bb4 14.a5 Bxa5 15.Nb5+ Kb8
16.Rd4 Nd7 17.Rxf4 a6 18.Bg3 axb5 19.Ra4+ Bc7 20.Bxc7+ Kxc7 21.Rxa8 b4 22.Nd4 Nb6
23.Nb5+ Kc6 24.Ra5 Ne7 25.Be2 Nbd5 26.Nd4+ Kc7 27.Bf3 Rd8 28.Re1 Kb6 29.Rb5+ Kc7
30.c4 bxc3 31.bxc3 Rd7 32.Kc2 g6 33.Ne6+ Kb8 34.Nc5 Rd6 35.c4 Nf5 36.Na6+ Rxa6
37.Rxd5 Be6 38.Rd8+ Kc7 39.Rh8 Nd4+ 40.Kd3 Nxf3 41.Rxh7+ Kd6 42.gxf3 Ra3+
43.Kd4 Ra4 44.Rxb7 Rxc4+ 45.Ke3 Rc3+ 46.Kd2 Rc6 47.Rb4 g5 48.Rd4+ Bd5 49.Re8 Kd7
50.Re3 Rc5 51.f4 gxf4 52.Rxf4 Ra5 53.Ke1 Ra1+ 54.Kf2 Ra2+ 55.Kg3 Rg2+ 56.Kh3 Rg6
57.Kh4 Rh6+ 58.Kg3 Be6 59.Rh4 Rg6+ 60.Kf2 Ke7 61.Rh7+ Kd6 62.Ra7 Bd5 63.Ra6+ Kc5
64.Ra5+ Kd4 65.Rg3 Rh6 66.Rg4+ Ke5 67.h4 Rh5 68.Ke3 Ke6 69.Rf4 Rh8 70.Kd4 Bg2
71.Ra6+ Ke7 72.Rg4 Bf3 73.Rg7+ Kf8 74.Rc7 Rxh4+ 75.Ke3 Bh1 76.Raa7 Re4+ 77.Kf2 Re5
78.Rh7 Bd5 79.Rh8+  1-0

[Event "Linares zt"]
[Site "Linares"]
[Date "1995.??.??"]
[Round "1"]
[White "Van Wely, Loek"]
[Black "Fernandez Garcia, Jose L"]
[Result "1/2-1/2"]
[WhiteElo "2585"]
[BlackElo "2445"]

1.d4 Nf6 2.c4 g6 3.Nc3 d5 4.Nf3 Bg7 5.Bf4 O-O 6.Rc1 c5 7.dxc5 Na6 8.cxd5 Nxc5
9.e3 Bf5 10.Bc4 Nce4 11.Bb3 Rc8 12.O-O Bg4 13.Qd4 Bxf3 14.gxf3 Nc5 15.Be5 Qd7
16.Bc4 Qh3 17.Be2 Ncd7 18.Bg3 g5 19.Ne4 Nxe4 20.Qxe4 Bxb2 21.Rxc8 Rxc8 22.Qxe7 Bf6
23.Qd6 Kg7 24.Rb1 Nf8 25.Bf1 Qh5 26.e4 Ng6 27.Qd7 Rc2 28.Rxb7 Ne5 29.Bxe5 Bxe5
30.Qh3 Qg6 31.Bd3 Rc3 32.Bb5 Qf6 33.Be8 Rc7 34.Rxc7 Bxc7 35.Qg4 h6 36.h4 Bf4
37.hxg5 Qxg5 38.Kg2 Kf8 39.Bd7 Ke7 40.Bc6 Bd6 41.Kh3 Kf6 42.Bb7 h5 43.Qh4 Bf4
44.Bc8 Kg6 45.Bd7 f6 46.Be8+ Kh6 47.a4 Be5 48.a5 Bc7 49.Bf7 Be5 50.Qxg5+ Kxg5
51.Kg2 Bc7 52.a6 h4 53.Be6 Kf4 54.Bg4 Bd6 55.Kf1 Ke5 56.Ke2 Bc5 57.Bf5 Bb6
58.Kf1 Bc7 59.Be6 Bd6 60.Bh3 Bc5 61.Ke2 Kd4 62.Bg2 f5 63.Kd2 Ke5 64.Kd3 Bxf2
65.Bh3 f4 66.Be6 Bb6 67.Kc4 Kd6 68.Kb5 Bd4 69.Bg4 Bb6 70.Bf5 Be3 71.Bc8 Bb6
72.Kc4 Ke5 73.Bf5 Kd6 74.Kd3 Ke5 75.Ke2 Bc7 76.Kf1 Bd6 77.Be6 Bc7 78.Kg2 Kf6
79.Kh3 Kg5  1/2-1/2

[Event "Linares zt"]
[Site "Linares"]
[Date "1995.??.??"]
[Round "9"]
[White "Van Wely, Loek"]
[Black "Sosonko, Gennadi"]
[Result "1-0"]
[WhiteElo "2585"]
[BlackElo "2525"]

1.d4 Nf6 2.c4 e6 3.Nf3 d5 4.Nc3 Bb4 5.Bg5 h6 6.Bxf6 Qxf6 7.e3 c5 8.cxd5 exd5
9.Qb3 O-O 10.dxc5 Bxc3+ 11.Qxc3 Qxc3+ 12.bxc3 Be6 13.Nd4 Rc8 14.c4 Rxc5 15.Nxe6 fxe6
16.cxd5 exd5 17.g3 Nd7 18.Bg2 Nf6 19.O-O Rac8 20.Rfd1 b5 21.Rab1 a6 22.a4 bxa4
23.Ra1 a5 24.Bf3 Rb8 25.Rxa4 Rb4 26.Ra2 Ne4 27.Rda1 Ng5 28.Be2 d4 29.exd4 Rxd4
30.Rxa5 Rc2 31.Re5 Ne4 32.Ra8+ Kf7 33.Bh5+ g6 34.Rf5+  1-0

[Event "PCA/Intel-GP"]
[Site "London"]
[Date "1995.??.??"]
[Round "1"]
[White "Van Wely, Loek"]
[Black "Lobron, Eric"]
[Result "1-0"]
[WhiteElo "2585"]
[BlackElo "2595"]

1.d4 d5 2.c4 e6 3.Nf3 c5 4.cxd5 exd5 5.Nc3 Nc6 6.g3 Nf6 7.Bg2 Be7 8.O-O O-O
9.dxc5 Bxc5 10.Bg5 d4 11.Bxf6 Qxf6 12.Nd5 Qd8 13.Nd2 Re8 14.Rc1 Bb6 15.Re1 Bg4
16.h3 Be6 17.Nf4 Bd7 18.Nc4 Ba5 19.Nxa5 Qxa5 20.Qb3 Rab8 21.Red1 Qe5 22.Qa3 Bf5
23.Rc5 Qf6 24.Qa4 Be4 25.Bxe4 Rxe4 26.Qb5 a6 27.Qb6 Qd8 28.Qb3 Qe8 29.Rdc1 h6
30.a3 Rd8 31.Qxb7 Nb8 32.Rc8 Kh7 33.Qxb8 Rxc8 34.Rxc8  1-0

[Event "PCA/Intel-GP"]
[Site "London"]
[Date "1995.??.??"]
[Round "1"]
[White "Lobron, Eric"]
[Black "Van Wely, Loek"]
[Result "1/2-1/2"]
[WhiteElo "2595"]
[BlackElo "2585"]

1.c4 g6 2.Nc3 Bg7 3.g3 Nf6 4.Bg2 O-O 5.Nf3 d6 6.O-O e5 7.d3 h6 8.Rb1 a5 9.a3 Re8
10.e4 c6 11.Re1 Be6 12.b3 Nbd7 13.h3 d5 14.exd5 cxd5 15.Nb5 Qb8 16.Rb2 Rd8
17.Rbe2 a4 18.Nxe5 Nxe5 19.Rxe5 dxc4 20.Rxe6 Rxd3 21.Qe2 fxe6 22.bxc4 Rd7
23.Qxe6+ Kh7 24.Bb2 Ra6 25.Qe2 Qd8 26.Bc3 Ra8 27.h4 Qb6 28.Bh3 Re8 29.Qxe8 Nxe8
30.Bxd7 Bxc3 31.Nxc3 Nf6 32.Nd5 Nxd5 33.cxd5 Qd6 34.Bxa4 Qxa3 35.Bc2 Qc5
36.Be4 h5 37.Rd1 Qd6 38.Rb1 b6 39.Kg2 Kg7 40.Rc1 Qe5 41.f3 b5 42.Rc6 b4 43.Rxg6+ Kf7
44.Rb6 Qb2+ 45.Kh3 Qf2 46.Rb7+ Kf6 47.g4 Qf1+ 48.Kg3 Qe1+ 49.Kh3 Qh1+ 50.Kg3 Qe1+  1/2-1/2

[Event "Capablanca mem"]
[Site "Matanzas"]
[Date "1995.??.??"]
[Round "1"]
[White "Arencibia, Juan Joel"]
[Black "Van Wely, Loek"]
[Result "0-1"]
[WhiteElo "2435"]
[BlackElo "2575"]

1.d4 Nf6 2.Nf3 g6 3.Bf4 Bg7 4.e3 O-O 5.h3 c5 6.c3 d6 7.Nbd2 b6 8.a4 a6 9.Be2 Bb7
10.O-O Nbd7 11.Bh2 Ra7 12.Re1 Qa8 13.Bd3 Ne4 14.Nxe4 Bxe4 15.Bxe4 Qxe4 16.Qe2 Rc8
17.Kf1 Nf6 18.Nd2 Qc2 19.Nf3 Qxe2+ 20.Kxe2 cxd4 21.exd4 Nd5 22.Kd3 Rb7 23.Ke4 Nf6+
24.Kd3 b5 25.Bf4 Nd5 26.Bc1 Rbc7 27.axb5 axb5 28.Bd2 b4 29.Rec1 bxc3 30.bxc3 e5
31.c4 Nb6 32.c5 dxc5 33.dxe5 c4+ 34.Ke2 Nd5 35.Ra5 Rd7 36.Ra4 c3 37.Be3 Rb7
38.Ra2 Rcb8 39.Kf1 Rb2 40.Raa1 Rc8 41.Ra5 Nxe3+ 42.fxe3 c2 43.Ke2 Rb1 44.Kd2 Bf8  0-1

[Event "Capablanca mem"]
[Site "Matanzas"]
[Date "1995.??.??"]
[Round "3"]
[White "Hoffman, Alejandro"]
[Black "Van Wely, Loek"]
[Result "1/2-1/2"]
[WhiteElo "2515"]
[BlackElo "2575"]

1.g3 Nf6 2.Bg2 d5 3.Nf3 Bf5 4.O-O e6 5.d3 Be7 6.Nc3 h6 7.Nd2 O-O 8.e4 Bh7
9.f4 dxe4 10.dxe4 Nc6 11.e5 Nd7 12.Nde4 Nc5 13.Be3 Nxe4 14.Nxe4 Qxd1 15.Raxd1 Rad8
16.c3 Na5 17.b3 b6 18.Kf2 Bf5 19.h3 h5 20.Ke2 f6 21.exf6 gxf6 22.Nf2 Bg6
23.Bf3 Kf7 24.g4 hxg4 25.hxg4 Rh8 26.Rxd8 Rxd8 27.g5 fxg5 28.fxg5 Bf5 29.Be4 Bxe4
30.Nxe4+ Kg6 31.Bd4 Nc6 32.Bf6 Rf8 33.Rh1 Bxf6 34.gxf6 Ne5 35.Rg1+ Kf5 36.Ke3 Ng4+
37.Kf3 Ne5+ 38.Ke3  1/2-1/2

[Event "Capablanca mem"]
[Site "Matanzas"]
[Date "1995.??.??"]
[Round "10"]
[White "Borges Mateos, Juan"]
[Black "Van Wely, Loek"]
[Result "1/2-1/2"]
[WhiteElo "2400"]
[BlackElo "2575"]

1.d4 Nf6 2.c4 e6 3.Nf3 b6 4.g3 Ba6 5.Qa4 Bb7 6.Bg2 c5 7.dxc5 bxc5 8.Nc3 Be7
9.O-O O-O 10.Rd1 Qb6 11.Bf4 d6 12.Rd2 h6 13.Rad1 e5 14.Be3 Nc6 15.Qb5 Qc7
16.Qa4 Nd4 17.Ne1 Rfb8 18.b3 Bxg2 19.Kxg2 Rb6 20.f3 Qb7 21.Qa3 d5 22.Bf2 dxc4
23.bxc4 e4 24.Qc1 exf3+ 25.exf3 Rc8 26.Ne2 Ng4 27.Bxd4 cxd4 28.Rxd4 Bg5 29.Nf4 Rb2+
30.Kg1 Nf2 31.R1d2 Rb1 32.Qc2 Nh3+ 33.Kg2 Rxe1 34.Kxh3 Qxf3 35.Rf2 Qc6 36.Nd5 Qe6+
37.Kg2 Rc1 38.Qd3 Re8 39.Qf3 Qg6 40.h4 Bd8 41.Rg4 Qe6 42.Rf4 Qe1 43.Kh3 Qe6+
44.Kh2 f6 45.Rg4 h5 46.Rd4 Bb6 47.Nxb6 axb6 48.Qd5 Qf7 49.Qxf7+ Kxf7 50.Rd6 Rb1
51.Rd5 Kg6 52.Rd3 Rb4 53.Rb3 Rxb3 54.axb3 Re3 55.b4 Rb3 56.Rc2 Rxb4 57.c5 bxc5
58.Rxc5 Rb2+ 59.Kh3 Kh6 60.Ra5 g5 61.hxg5+ fxg5 62.Ra6+  1/2-1/2

[Event "Capablanca mem"]
[Site "Matanzas"]
[Date "1995.??.??"]
[Round "13"]
[White "Van Wely, Loek"]
[Black "Rodriguez, Amador"]
[Result "0-1"]
[WhiteElo "2575"]
[BlackElo "2520"]

1.c4 c5 2.Nc3 Nc6 3.Nf3 g6 4.g3 Bg7 5.Bg2 e6 6.a3 Nge7 7.b4 cxb4 8.axb4 Nxb4
9.Ba3 Nbc6 10.e4 O-O 11.d4 b6 12.O-O Na5 13.Qa4 d6 14.Nb5 Bd7 15.Qb4 Nec6
16.Qc3 e5 17.d5 Nd4 18.Nfxd4 exd4 19.Qb4 Bxb5 20.cxb5 Nb7 21.Bb2 Nc5 22.Rfd1 d3
23.Bxg7 Kxg7 24.Bf1 Qf6 25.Ra3 Qf3 26.Re1 Kg8 27.Re3 Qd1 28.Qc3 Rac8 29.Rxa7 Qc2
30.Rxd3 Nxd3 31.Qxd3 Qxd3 32.Bxd3 Rc3 33.Bf1 f5 34.exf5 Rxf5 35.Bh3 Rf8 36.Ra2 Kg7
37.Bd7 Kf6 38.Re2 Rf7 39.Re6+ Kg7 40.Be8 Rf5 41.Re2 Rxd5 42.Bc6 Rd1+ 43.Kg2 Kf6
44.h4 d5 45.g4 g5 46.hxg5+ Kxg5 47.Bd7 Rc7 48.Re7 h6 49.Re5+ Kf4 50.Rf5+ Kxg4
51.Be6 Kh4 52.Re5 Rg7+ 53.Kf3 Rg5 54.Re3 Rgg1 55.Kf4 Rd4+ 56.Kf5 Rg2 57.f4 Rg3
58.Re1 Rf3 59.Rh1+ Kg3 60.Ke5 Rdxf4 61.Bxd5 Re3+ 62.Kd6 Rf6+ 63.Kd7 Rd3 64.Ke7 Rf2
65.Bc6 Rh2 66.Ra1 Re2+ 67.Kf7 Rd8  0-1

[Event "Mitropa Cup"]
[Site "?"]
[Date "1995.??.??"]
[Round "4"]
[White "Hoffmann, Michael"]
[Black "Van Wely, Loek"]
[Result "1/2-1/2"]
[WhiteElo "2475"]
[BlackElo "2575"]

1.d4 d5 2.c4 e6 3.Nf3 Nf6 4.g3 c5 5.cxd5 exd5 6.Bg2 Nc6 7.O-O Be7 8.Nc3 O-O
9.dxc5 Bxc5 10.Bg5 d4 11.Bxf6 Qxf6 12.Nd5 Qd8 13.Nd2 Re8 14.Re1 Be6 15.Nf4 Bf5
16.a3 Rc8 17.Rc1 Bb6 18.b4 a6 19.Qb3 Qd7 20.Qd5 Qxd5 21.Bxd5 g5 22.Nd3 Re7
23.Nc4 Bc7 24.Nc5 Bb8 25.Rcd1 Rd8 26.Bxc6 bxc6 27.Na5 Rd6 28.Nab3 d3 29.exd3 Rxe1+
30.Rxe1 Ba7 31.d4 Bxc5 32.Nxc5 Rxd4 33.Nxa6 Bh3 34.Nc5 Kf8 35.Rb1 Ke7 36.a4 Bf5
37.Rb2 Kd6 38.f3 Kd5 39.a5 Kc4 40.Kf2 Rd1 41.h4 gxh4 42.gxh4 Ra1 43.Ke3 Be6
44.Nxe6 fxe6 45.Rc2+ Kxb4 46.Rxc6 Kxa5 47.Kf4 Re1 48.Rc5+ Kb6 49.Re5 Rf1
50.Rxe6+ Kc7 51.h5 Kd7 52.Re4 h6 53.Re5 Kd6 54.Ra5 Ke6 55.Ra6+ Kf7 56.Rxh6 Kg7
57.Rg6+ Kh7 58.Re6 Rh1 59.Kg5 Rg1+ 60.Kf5 Rh1 61.h6 Rf1 62.f4 Ra1 63.Kg5 Rg1+
64.Kf6 Kxh6 65.f5 Kh7 66.Re7+ Kg8 67.Re8+ Kh7 68.Ke6 Re1+ 69.Kf7 Ra1 70.f6 Ra7+
71.Re7 Ra8 72.Re6 Rb8  1/2-1/2

[Event "NLD-chT9596"]
[Site "?"]
[Date "1995.??.??"]
[Round "?"]
[White "Van Wely, Loek"]
[Black "Jonkman, Harmen"]
[Result "1-0"]
[WhiteElo "2580"]
[BlackElo "2290"]

1.c4 e6 2.d4 d5 3.Nc3 Nf6 4.cxd5 exd5 5.Bg5 Be7 6.e3 O-O 7.Bd3 Nbd7 8.Nge2 Re8
9.O-O Nf8 10.b4 a6 11.a3 c6 12.f3 a5 13.b5 c5 14.Qd2 Ne6 15.Bh4 b6 16.Rfd1 Bb7
17.Bf5 cxd4 18.exd4 Nc7 19.Rdc1 g6 20.Bd3 Ne6 21.Na4 Rc8 22.Rc3 Rxc3 23.Qxc3 Ne4
24.Bxe7 Nxc3 25.Bxd8 Nxa4 26.Bf6 Nb2 27.Bc2 Rc8 28.Rc1 a4 29.Be5 Rc4 30.Bd6 Bc8
31.Bb4 Bd7 32.Bc3 Nf4 33.Nxf4 Rxc3 34.Nxd5 Nd3 35.Nxc3 Nxc1 36.Bxa4 Nd3 37.Nd5 Nb2
38.Nxb6 Be8 39.Kf2 Kf8 40.d5  1-0

[Event "NLD-chT9596"]
[Site "?"]
[Date "1995.??.??"]
[Round "?"]
[White "Bertholee, Rob"]
[Black "Van Wely, Loek"]
[Result "0-1"]
[WhiteElo "2345"]
[BlackElo "2580"]

1.e4 c5 2.Nf3 e6 3.d4 cxd4 4.Nxd4 Nf6 5.Nc3 d6 6.g4 Nc6 7.g5 Nd7 8.Be3 Be7
9.Rg1 a6 10.Qh5 g6 11.Qe2 Qc7 12.O-O-O b5 13.Nd5 exd5 14.Nxc6 Qxc6 15.Bd4 Ne5
16.exd5 Qc4 17.f4 O-O 18.fxe5 Qxa2 19.Qe3 Bf5 20.Bd3 Bxd3 21.Rxd3 Rac8 22.Qf3 dxe5  0-1

[Event "EU-ch Rapid-30'"]
[Site "Cap d`Agde"]
[Date "1996.??.??"]
[Round "?"]
[White "Karpov, Anatoly"]
[Black "Van Wely, Loek"]
[Result "1/2-1/2"]
[WhiteElo "2775"]
[BlackElo "2605"]

1.d4 Nf6 2.Nf3 g6 3.g3 Bg7 4.Bg2 O-O 5.O-O d6 6.c4 Nbd7 7.Nc3 e5 8.e4 a6
9.Rb1 exd4 10.Nxd4 Re8 11.Re1 Rb8 12.a4 a5 13.Ndb5 Ne5 14.b3 Bf8 15.c5 dxc5
16.Qxd8 Rxd8 17.Bg5 Be7 18.f4 Nc6 19.Nxc7 Ne8 20.Bxe7 Nxe7 21.Nxe8 Rxe8 22.e5 Rd8
23.Red1 Bf5 24.Rbc1 b6 25.Rd6 Be6 26.Rcd1 Rdc8 27.Bd5 Nxd5 28.Nxd5 Bxd5 29.R1xd5 c4
30.bxc4 Rxc4 31.Rd4 Rxd4 32.Rxd4 b5 33.axb5 Rxb5 34.Kg2 Rb2+ 35.Kh3 h5 36.Rd8+ Kg7
37.Ra8 Ra2 38.Ra7 Kf8 39.Kh4 Rxh2+ 40.Kg5 Rb2 41.Rxa5 Kg7 42.f5 gxf5 43.Kxf5 Rb3  1/2-1/2

[Event "EU-ch Rapid-30'"]
[Site "Cap d`Agde"]
[Date "1996.??.??"]
[Round "?"]
[White "Karpov, Anatoly"]
[Black "Van Wely, Loek"]
[Result "1-0"]
[WhiteElo "2775"]
[BlackElo "2605"]

1.d4 Nf6 2.Nf3 g6 3.Bg5 Bg7 4.e3 O-O 5.c3 d6 6.Be2 c5 7.O-O Qb6 8.Qb3 Be6
9.Qxb6 axb6 10.Na3 Nc6 11.Nd2 h6 12.Bh4 cxd4 13.exd4 Nd5 14.Nb5 f5 15.f4 Nxf4
16.Rxf4 g5 17.Rff1 gxh4 18.Nc7 Bd7 19.Bc4+ Kh7 20.Nxa8 Rxa8 21.Bd3 Kg6 22.Nc4 Rf8
23.Nxb6 Be8 24.Nd5 e6 25.Nf4+ Kf7 26.d5 exd5 27.Bxf5 d4 28.Ne6 dxc3 29.Nxf8 Kxf8
30.Bg6+ Ke7 31.Bxe8 cxb2 32.Rae1+ Ne5 33.Bg6 Bf6 34.Bb1 d5 35.Rf2 b5 36.Rxb2 Kd6
37.Rxb5 Nc4 38.Rf1 Bd4+ 39.Kh1 Ne3 40.Rc1 Ng4 41.Rf1 Nf2+ 42.Rxf2 Bxf2 43.a4  1-0